书目信息 |
| 题名: |
日语敬语的使用方法
|
|
| 作者: | 大石初太郎 , 林四郎 编著 ;沈宇澄 注释 | |
| 分册: | ||
| 出版信息: | 上海 上海译文出版社 1986 |
|
| 页数: | 184页 | |
| 开本: | 19cm | |
| 丛书名: | 日语课外读物丛书 | |
| 单 册: | ||
| 中图分类: | H36 | |
| 科图分类: | ||
| 主题词: | 日语--课外读物 , 日语 | |
| 电子资源: | ||
| ISBN: | ||
| 000 | 00860nam2 2200301 45 | |
| 001 | 0186016159 | |
| 005 | 20040510150538.0 | |
| 010 | @dCNY0.80 | |
| 091 | @a9188.281 | |
| 100 | @a19900813d1986 em y0chiy0121 ea | |
| 101 | 1 | @ajpn |
| 102 | @aCN@b310000 | |
| 105 | @ay z 000yy | |
| 106 | @ar | |
| 200 | 10 | @a日语敬语的使用方法@Ari yu jing yu de shi yong fang fa@f(日)大石初太郎, (日)林四郎编著@g沈宇澄注释 |
| 210 | @a上海@c上海译文出版社@d1986 | |
| 215 | @a184页@d19cm | |
| 225 | 2 | @a日语课外读物丛书 |
| 410 | 0 | @120010@a日语课外读物丛书 |
| 606 | @a日语@x课外读物 | |
| 606 | 0 | @a日语 |
| 690 | @aH36 | |
| 701 | 0 | @a大石初太郎@Ada shi chu tai lang@4编著 |
| 701 | 0 | @a林四郎@Alin si lang@4编著 |
| 702 | 0 | @a沈宇澄@Ashen yu cheng@4注释 |
| 801 | 0 | @aCN@b深圳图书馆@c20040510 |
| 801 | 2 | @aCN@bNLC@c20040510 |
| 905 | @f4@b152593-596@dH36@e111 | |
| 日语敬语的使用方法/(日)大石初太郎, (日)林四郎编著/沈宇澄注释.-上海:上海译文出版社,1986 |
| 184页;19cm.-(日语课外读物丛书) |
| ISBN :CNY0.80 |
| ● |
| 相关链接 |
|
|
|
|
正题名:日语敬语的使用方法
索取号:H36/111
 
预约/预借
| 序号 | 登录号 | 条形码 | 馆藏地/架位号 | 状态 | 备注 |
| 1 | 0152593 | 001056564 | 第四借阅区/ [索取号:H36/111] | 在馆 | |
| 2 | 0152594 | 001056608 | 第四借阅区/ [索取号:H36/111] | 在馆 | |
| 3 | 0152595 | 001056582 | 第四借阅区/ [索取号:H36/111] | 在馆 | |
| 4 | 0152596 | 001056591 | 第四借阅区/ [索取号:H36/111] | 在馆 | |
| 5 | 0152597 | 001056573 | 第二样本阅览室/ [索取号:H36/111] | 在馆 |